00878nam a22002411 450000100060000000300080000600500170001400800390003103500190007004000270008904100080011608200220012410000310014624501240017725000120030126000540031330000400036750000530040750000240046050400780048465000260056270000480058829022BD-RjUL20211209051348.0140402s1942 nyuaf b 001 0 eng a(BD-RjUL)29107 aDLC/ICUcICUdDLCbeng aeng00a660bROR V-2 19421 aRogers, Allen,d1876-1938,10aRogers' Industrial chemistry :ba manual for the student and manufacturer /cClifford Cook Furnas; Allen RogersnVol. 2 a6th ed. aNew York :bD. Van Nostrand company, inc.,c1942. aviii, 881-1721 p. :bill. ;c24 cm. aOn spine: Rogers Manual of industrial chemistry. aPaged continuously. a"Reading list" at end of most of the chapters. Bibliographical footnotes. 0aChemistry, Technical.1 aFurnas, C. C.q(Clifford Cook),d1900-1969,